000
00303nam a2200109Ia 4500
008
171211s9999 xx 000 0 und d
245
_a
Building a Bankroll Full Ring Edition
245
_c
Pawel Nazarewicz
260
_c
2012
650
_x
GAMBLING
856
_u
http://down.ebook777.com/040/061558988X.pdf
999
_c
349002
_d
349002